Public-private sector interface and harmonization for urban development (Record no. 483554)

000 -LEADER
fixed length control field 00488cam a22001577a 4500
008 - FIXED-LENGTH DATA ELEMENTS--GENERAL INFORMATION
fixed length control field 180718b1997 xxu||||| |||| 00| 0 eng d
020 ## - INTERNATIONAL STANDARD BOOK NUMBER
International Standard Book Number 8186557105
082 ## - DEWEY DECIMAL CLASSIFICATION NUMBER
Classification number B131x54 M691
100 ## - MAIN ENTRY--PERSONAL NAME
Personal name Misra, Girish K.
245 ## - TITLE STATEMENT
Title Public-private sector interface and harmonization for urban development
Statement of responsibility, etc. by Girish K. Misra
260 ## - PUBLICATION, DISTRIBUTION, ETC.
Place of publication, distribution, etc. Delhi
Name of publisher, distributor, etc. Devika
Date of publication, distribution, etc. 1997
300 ## - PHYSICAL DESCRIPTION
Extent 208p.
650 ## - SUBJECT ADDED ENTRY--TOPICAL TERM
Topical term or geographic name entry element Urban policy - India
650 ## - SUBJECT ADDED ENTRY--TOPICAL TERM
Topical term or geographic name entry element Cities and towns - Growth - India
650 ## - SUBJECT ADDED ENTRY--TOPICAL TERM
Topical term or geographic name entry element Urbanization - India
Holdings
Withdrawn status Lost status Damaged status Not for loan Permanent Location Current Location Date acquired Full call number Barcode Date last seen Price effective from Koha item type Source of classification or shelving scheme
        Indian Institute of Public Administration Indian Institute of Public Administration 2018-08-04 B131x54 M691 GR14708 2018-08-04 2018-08-04 GR  
        Indian Institute of Public Administration Indian Institute of Public Administration 2018-08-04 B131x54 M691 GR14707 2018-08-04 2018-08-04 GR  
        Indian Institute of Public Administration Indian Institute of Public Administration 2021-02-11 TNC B131x54 M691\c.3 GR22307 2021-02-11 2021-02-11 GR  

Powered by Koha